Catalunya, nació d'esquerra / Rafael Ribó
ISBN:
84-7410-364-9
Descripción Física:
188 p. ; 20 cm
Colección:
Polítiques (La Magrana) ; 3
MARC
| LEADER | 00000nam a2200000Ia 4500 | ||
|---|---|---|---|
| 001 | 17082 | ||
| 008 | 160829s1988 xx 000 0 cat d | ||
| 020 | |a 84-7410-364-9 | ||
| 080 | |a M-5-134 | ||
| 100 | 1 | |a Ribó, Rafael, |d 1945- |9 1753 | |
| 245 | |a Catalunya, nació d'esquerra / Rafael Ribó | ||
| 260 | |a [Barcelona] : |b La Magrana : |b Edicions 62, |c 1988 | ||
| 300 | |a 188 p. ; |c 20 cm | ||
| 490 | |a Polítiques (La Magrana) ; 3 | ||
| 610 | 2 | 0 | |a Partit Socialista Unificat de Catalunya |9 54980 |
| 650 | 0 | |a Partits polítics |z Catalunya |9 18623 | |
| 650 | 0 | |a Socialisme |x Catalunya |9 33228 | |
| 650 | |a Autonomia |x Catalunya |9 30010 | ||
| 650 | 0 | |a Nacionalisme |z Catalunya |9 11008 | |
| 651 | 0 | |a Catalunya |x Història |x Autonomia i moviments independentistes |9 53832 | |
| 651 | 0 | |a Catalunya |x Política i govern |y S. XX |9 55663 | |
| 901 | |a Arxiu | ||
| 942 | |n 1 | ||
| 952 | |0 0 |1 0 |4 0 |6 M5134 |7 1 |9 44666 |a Arxiu |b Arxiu |d 2016-12-01 |l 0 |o M-5-134 |p 17082 |r 2016-12-01 00:00:00 |w 2016-12-01 |y ARXIU | ||
| 999 | |c 47247 |d 47247 | ||